Discovering Tutankhamun

محفوظ في:

المؤلف الرئيسي: Zahi Hawass

التنسيق: كتاب

اللغة: Undetermined

منشور في: Cairo American University in Cairo 2025

الموضوعات:

Art

الوسوم: إضافة وسم

لا توجد وسوم, كن أول من يضع وسما على هذه التسجيلة!

رقم الطلب: On Hold

LEADER 00465nam a2200169Ia 4500
005 20260324113531.0
008 260324s9999||||xx |||||||||||||| ||und||
020 |a 978-1649034632 
050 4 |a On Hold 
100 0 |a Zahi Hawass 
245 1 0 |a Discovering Tutankhamun  |c Zahi Hawass 
264 1 |a Cairo  |b American University in Cairo  |c 2025 
300 |a 320 Page  |b illustrations (some color)  |c 28 cm 
650 4 |a Ancient  
650 4 |a Archaeology 
650 4 |a Art 
999 |c 61919  |d 61919